Oxford collocations dictionary : for students of English /

Bibliografiske detaljer
Andre forfattere: Deuter, Margaret, Greenan James, Noble, Joseph, Philips, Janet
Format: Bog
Sprog:English
Udgivet: Oxford : Oxford University Press, 2002.
Fag:
Classic Catalogue: View this record in Classic Catalogue
LEADER 01200nam a22002897a 4500
001 41853
003 BD-DhAAL
005 20251118112703.0
008 231008t2002 nyua|||| |||| 00| 0 eng d
020 |a  9780194312431 
040 |a BD-DhAAL  |c BD-DhAAL 
082 |a 423.1  |2 20 
245 |a Oxford collocations dictionary :  |b for students of English /  |c Margaret Deuter ... [et al.]. 
260 |a Oxford :  |b Oxford University Press,  |c 2002. 
300 |a xiii, 897 pages :  |b illustrations ;  |c 24 cm. 
541 |a Complimentary copy from BIED  |e 41853 
650 |a Collocation (Linguistics)  |x Dictionaries.  |9 55665 
650 |a English language  |x Idioms  |x Dictionaries.  |9 53385 
650 |a English language  |x Terms and phrases. 
700 |a Deuter, Margaret.  |9 59847 
700 |a Greenan James.  |9 59848 
700 |a Noble, Joseph.  |9 55804 
700 |a Philips, Janet.  |9 59849 
852 |a Ayesha Abed Library  |c Reference Section 
942 |2 ddc  |c BK 
999 |c 46206  |d 46206 
952 |0 0  |1 0  |2 ddc  |4 0  |6 423_100000000000000_OXF  |7 1  |9 74533  |a BRACUL  |b BRACUL  |c REF  |d 2023-10-08  |e Complimentary copy from BIED  |l 2  |m 12  |o 423.1 OXF  |p 3010041853  |r 2025-11-16  |s 2025-09-08  |t 1  |w 2023-10-08  |y BK  |x Transferred from BIED to General Stacks